Gray Colored Pokemons - Statistics

General Stats
  • This quiz has been taken 11 times
  • The average score is 60 of 101
Answer Stats
Generations Types Answer % Correct
Fighting Machamp
100%
Fighting Machoke
100%
Kanto Fighting Machop
100%
Electric/Steel Magnemite
100%
Electric/Steel Magneton
100%
Johto Ghost Misdreavus
100%
Rock/Ground Onix
100%
Rock/Ground Rhydon
100%
Rock/Ground Rhyhorn
100%
Steel/Flying Skarmory
100%
Steel/Ground Steelix
100%
Electric/Steel Magnezone
83%
Normal/Flying Pidove
83%
Rock/Ground Pupitar
83%
Poison/Water Qwilfish
83%
Steel Registeel
83%
Rock/Ground Rhyperior
83%
Steel/Rock Aggron
67%
Rock/Bug Anorith
67%
Rock/Bug Armaldo
67%
Steel/Rock Aron
67%
Water/Ground Barboach
67%
Rock/Steel Bastiodon
67%
Rock/Fairy Carbink
67%
Ground Donphan
67%
Ground Drillbur
67%
Bug/Steel Durant
67%
Ground/Steel Excadrill
67%
Grass/Steel Ferroseed
67%
Grass/Steel Ferrothorn
67%
Ice Glalie
67%
Alola Bug Grubbin
67%
Fighting Gurdurr
67%
Steel/Fairy Klefki
67%
Dragon/Fighting Kommo-o
67%
Dragon/Ice Kyurem
67%
Steel/Rock Lairon
67%
Steel/Fairy Magearna
67%
Ghost/FIghting Marshadow
67%
Dark Mightyena
67%
Bug/Ground Nincada
67%
Rock Nosepass
67%
Hoenn Dark Poochyena
67%
Water Remoraid
67%
Sinnoh Rock/Steel Shieldon
67%
Ice Snorunt
67%
Steel/Rock Stakataka
67%
Rock/Fighting Terrakion
67%
Fighting Timburr
67%
Electric/Steel Togedemaru
67%
Normal/Flying Tranquill
67%
Normal/Flying Unfezant
67%
Bug/Poison Whirlipede
67%
Bug/Steel Escavalier
50%
Kalos Psychic Espurr
50%
Normal Glameow
50%
Bug/Water Golisopod
50%
Dragon/Fighting Hakamo-o
50%
Dragon Jangmo-o
50%
Steel Klang
50%
Steel Klink
50%
Steel Klinklang
50%
Steel Melmetal
50%
Steel Meltan
50%
Dark/Normal Obstagoon
50%
Rock/Steel Probopass
50%
Normal Purugly
50%
Galar Fire Raboot
50%
Rock/Water Relicanth
50%
Ground/Ghost Runerigus
50%
Normal(varies) Silvally
50%
Rock Stonjourner
50%
Normal Type: Null
50%
Fighting/(Dark/Water) Urshifu
50%
Bug/Water Wimpod
50%
Fighting/Ghost Annihilape
33%
Normal Castform
33%
Normal Cinccino
33%
Ghost/Fairy Flutter Mane
33%
Dragon/Ice Frigibax
33%
Poison/Normal Grafaiai
33%
Unova Normal Herdier
33%
Rock/Psychic Iron Boulder
33%
Steel/Ground Iron Treads
33%
Fighting Kubfu
33%
Paldea Normal Lechonk
33%
Bug/Dark Lokix
33%
Dark Mabosstiff
33%
Normal Minccino
33%
Bug Nymble
33%
Normal Oinkologne
33%
Steel/Poison Revavroom
33%
Electric/Ground Sandy Shocks
33%
Poison/Normal Shroodle
33%
Normal Stoutland
33%
Steel/Poison Varoom
33%
Water/Psychic Veluza
33%
Bug Volbeat
33%
Hisui Normal/Psychic Wyrdeer
33%
Dark Zoroark
33%
Dark Zorua
33%
No matching quizzes found
Score Distribution
Percent of People with Each Score
Percentile by Number Answered
Your Score History
You have not taken this quiz